Assessment of ultrasonographic and endoscopic changes in dogs with gastrointestinale disorders (Registro n. 300776)
[ somente texto ]
| 000 -LÍDER | |
|---|---|
| fixed length control field | 03289nab a2200265 i 4500 |
| 003 - CÓDIGO MARC DA AGÊNCIA CATALOGADORA | |
| Campo de controle | BR-BrBNA |
| 005 - DATA E HORA DA ÚLTIMA ATUALIZAÇÃO | |
| Campo de controle | 20240807133553.0 |
| 008 - CAMPO DE TAMANHO FIXO | |
| fixed length control field | 240807b2017 bl.|r|pooa||| 00| 0 eng | |
| 040 ## - FONTE DA CATALOGAÇÃO | |
| Agência catalogadora | BR-BrBNA |
| Idioma da catalogação | eng |
| 072 ## - CATEGORIA AGRIS | |
| Código AGRIS | L70 |
| Código do objeto | 5400 |
| 100 ## - ENTRADA PRINCIPAL - NOME PESSOAL | |
| Nome pessoal | Malancus, R.N. |
| 100 ## - ENTRADA PRINCIPAL - NOME PESSOAL | |
| Nome pessoal | Tofan Malancus, C.M. |
| 245 ## - TÍTULO PRINCIPAL | |
| Título principal | Assessment of ultrasonographic and endoscopic changes in dogs with gastrointestinale disorders |
| 500 ## - NOTA GERAL | |
| Nota geral | Publicação online; 8 ref.; Summaries (En, Pt) |
| 942 ## - ADDED ENTRY ELEMENTS (KOHA) | |
| Koha item type | |
| 520 ## - NOTA DE RESUMO | |
| Nota de conteúdo | <br/><br/>ABSTRACT - The study has been conducted over a period of 4 years, on a total number of 133 dogs, all of those expressing gastrointestinal disorders. Ultrasound and endoscopic examinations were performed in all dogs in order to assess any significant correlations between ultrasonographic and endoscopic findings. The results confirm a significant correlation between the presence of diarrhoea and increased thickness of the large bowel wall, with P<0.5. Another extremely significant correlation we observed is the one between increased thickness of large bowel wall and loss of layering at this level, with P<0.5. Upper GI endoscopy revealed that dilated lacteals in the duodenum are significantly associated with the presence of diarrhoea, P<0.5 and, more importantly, there is a very significant correlation between dilated lacteals and the presence of striations (P<0.5), which confirms previous studies (Sutherland-Smith et al., 2007) that say the striated aspect of the intestinal mucosa is due to dilated lacteals.<br/><br/><br/>Keywords: dogs, gastrointestinal tract, ultrasound, endoscopy |
| 520 ## - NOTA DE RESUMO | |
| Nota de conteúdo | <br/><br/>RESUMO - O estudo foi conduzido durante um período de quatro anos, em um número total de 133 cães, todos os que expressam distúrbios gastrointestinais. Exames ultrassonográficos e endoscópicos foram realizados em todos os cães, a fim de se avaliarem as correlações significativas entre os achados ultrassonográficos e endoscópicos. Os resultados confirmam uma correlação significativa entre a presença de diarreia e o aumento da espessura da parede do intestino grande, com P<0,5. Outra correlação extremamente significativa observada é a única entre o aumento da espessura da parede do intestino grosso e a perda de camadas a esse nível, com P<0,5. GI superior endoscopia revelou que lacteals dilatados no duodeno estão significativamente associados com a presença de diarreia, P<0,5 e mais importante, não há uma correlação muito significativa entre lacteals dilatados e a presença de estrias (P<0,5), o que confirma estudos anteriores (Sutherland-Smith et al., 2007) que dizem que o aspecto estriado da mucosa intestinal está a ser dada pelos lacteals dilatados.<br/><br/><br/>Palavras-chave: cães, trato gastrointestinal, ultrassonografia, endoscopia |
| 650 ## - ASSUNTO - THESAGRO | |
| Cabeçalho tópico ou nome geográfico | CÃO |
| 650 ## - ASSUNTO - THESAGRO | |
| Cabeçalho tópico ou nome geográfico | APARELHO DIGESTIVO |
| 650 ## - ASSUNTO - THESAGRO | |
| Cabeçalho tópico ou nome geográfico | ULTRASSOM |
| 650 ## - ASSUNTO - THESAGRO | |
| Cabeçalho tópico ou nome geográfico | ENDOSCOPIA |
| 773 0# - ENTRADA ANALÍTICA | |
| Host Biblionumber | 1643 |
| Registro do item | 316504 |
| Imprenta | Belo Horizonte-MG Universidade Federal de Minas Gerais - Escola de Veterinaria 1983 |
| Outro identificador | 2024-2999 |
| Título | Arquivo Brasileiro de Medicina Veterinária e Zootecnia (Brazil) |
| ISSN | 0102-0935 |
| Colação | v. 69(6) p. 1451-1455; (2017) |
| Número de controle de registro | BR2024002233 |
| 856 ## - ACESSO E ENDEREÇO ELETRÔNICO | |
| Identificador uniforme de recurso - URI | https://www.scielo.br/j/abmvz/a/N77XhNn58xY4NxvMN5MTQXj/?format=pdf&lang=en |
Nenhum exemplar disponível.

BINAGRI